Ο οικονομικός παράγοντας στις διεθνείς σχέσεις
Αποθηκεύτηκε σε:
| Κύριος συγγραφέας: | |
|---|---|
| Άλλοι συγγραφείς: | , , |
| Μορφή: | Βιβλίο |
| Γλώσσα: | Greek English |
| Δημοσίευση: |
[Αθήνα] :
Θεμέλιο,
[c2007].
|
| Θέματα: | |
| Ετικέτες: |
Προσθήκη ετικέτας
Δεν υπάρχουν, Καταχωρήστε ετικέτα πρώτοι!
|
MARC
| LEADER | 00000cam a2200000 i 4500 | ||
|---|---|---|---|
| 001 | 1/96291 | ||
| 008 | 081031s2007 gr | ||| |||| ||gre|| | ||
| 020 | |a 9789603103288 | ||
| 035 | |l 10101284 | ||
| 040 | |a GR-MyUA |b gre |e AACR2 | ||
| 041 | 1 | |a gre |h eng | |
| 082 | 0 | |a 327.111 |2 (22) | |
| 100 | 1 | |a Economides, Spyros. | |
| 245 | 1 | 2 | |a Ο οικονομικός παράγοντας στις διεθνείς σχέσεις / |c Spyros Economides - Peter Wilson ; μετάφραση Γιώργος Κυριακόπουλος ; επιστημονική επιμέλεια Γιώργος Λ. Ευαγγελόπουλος. |
| 260 | |a [Αθήνα] : |b Θεμέλιο, |c [c2007]. | ||
| 300 | |a 313 σ. ; |c 21 εκ. | ||
| 500 | |a Τίτλος πρωτοτύπου: The economic factor in international relations. | ||
| 504 | |a Περιλαμβάνει βιβλιογραφίες και ευρετήριο. | ||
| 650 | 0 | 0 | |a Conditionality (International relations) |
| 650 | 0 | 0 | |a International relations. |
| 700 | 1 | |a Wilson, Peter, |d 1951- | |
| 700 | 1 | |a Κυριακόπουλος, Γιώργος, |e trl | |
| 700 | 1 | |a Ευαγγελόπουλος, Γεώργιος Λ. |e edt | |
| 852 | |a INST |b LESVOS |e 20081211 |h 327.111 ECO |p 005100044137 |q 005100044137 |t BK |y 0 | ||
| 852 | |a INST |b LESVOS |e 20081119 |h 327.111 ECO |p 005100044248 |q 005100044248 |t BK |y 0 | ||
| 852 | |a INST |b LESVOS |e 20110323 |h 327.111 ECO |p 005100049275 |q 005100049275 |t BK |y 0 | ||
| 852 | |a INST |b LESVOS |e 20101130 |h 327.111 ECO |p 005100049536 |q 005100049536 |t BK |y 0 | ||
| 852 | |a INST |b LESVOS |e 20101130 |h 327.111 ECO |p 005100049537 |q 005100049537 |t BK |y 0 | ||
| 852 | |a INST |b LESVOS |e 20101130 |h 327.111 ECO |p 005100049538 |q 005100049538 |t BK |y 0 | ||
| 852 | |a INST |b LESVOS |e 20111125 |h 327.111 ECO |p 005100050931 |q 005100050931 |t BK |y 0 | ||
| 852 | |a INST |b RHODES |e 20081031 |h 327.111 ECO |p 005400031170 |q 005400031170 |t BK |y 0 | ||
| 852 | |a INST |b RHODES |c EUDOXUS |e 20110323 |h 327.111 ECO |p 005400033004 |q 005400033004 |t EDX |y 0 | ||
| 901 | |a BIBL4-2008-3 | ||
| 901 | |a BIBL1-2008-3 | ||
| 901 | |a BIBL1-2010-3 | ||
| 901 | |a BIBL1-2011-1 | ||
| 901 | |a BIBL4-2011-1 | ||
| 920 | |a ΕΥΔΟΞΟΣ |b ΕΠΙΣΤΡΟΦΗ |y Ρόδος |z 2011-03 | ||
| 920 | |a ΦΟΙΤΗΤΙΚΗ ΜΕΡΙΜΝΑ |y Λέσβος |z 2008-11 | ||
| 970 | |a ΚΟΖΑ |b ΜΑΡΙΑ |z 2008/10/31 | ||